| 000 | 00652nam a2200205Ia 4500 | ||
|---|---|---|---|
| 001 | 15424 | ||
| 003 | GE_BSU | ||
| 008 | 181216s||||||||xx |||||||||||||| ||und|| | ||
| 040 | _cGE_BSU | ||
| 080 | _a821.353.1-32 | ||
| 100 | _aჩიქოვანი,გრიგოლ | ||
| 245 | _aსიცოცხლის გზა | ||
| 245 | _cრედ.ნ.შველიძე. მხატვ.ე.ბაღდავაძე | ||
| 260 | _aთბილისი | ||
| 260 | _bსახელგამი | ||
| 260 | _c1952 | ||
| 300 | _a306გვ.ილ.1ფ.პორტრ.21სმ. | ||
| 653 | _aსიცოცხლის გზა | ||
| 942 | _cBK | ||
| 999 |
_c48527 _d48527 |
||